000 00798nam a2200277 b 4500
001
003 DO-SdBNP
005 20180215153338.0
008 930323 1998 xxu a spa d
017 _a
_b
020 _a1580870112
040 _aBPMSU
_bspa
_cBPMSU
082 0 4 _axxx
_bxxxx
100 1 _aWatts, Claire
245 1 0 _aRegiones polares /
_h
_cClaire Watts ; traducción María Teresa Sanz
260 _aEstados Unidos :
_bStampley,
_c1998.
300 _a32 p.:
_bil. ;
_c29 cm
490 _aBiblioteca de descubrimientos
490 _aDescubre tu mundo
700 1 _aSanz, María Teresa
_etrad.
830 _aBiblioteca de descubrimientos
830 _aDescubre tu mundo
942 _2ddc
_cBK
945 _a Inventariado, 2018 / BT
956 _aYLOCKWARD
_b10
_c20170119
_dBPMSU
_f00144
999 _c12541
_d12541